000 00507pab a2200169 454500
008 180718b2006 xxu||||| |||| 00| 0 eng d
100 _aDallimore, Elise J.
245 _aNonvoluntary class participation in graduate discussion courses: effects of grading and cold calling
260 _c2006
300 _ap.354-77.
362 _aApr
650 _aManagement education
700 _aPlatt, Marjorie B.
700 _aHertenstein, Julie H.
773 _aJournal of Management Education
909 _a71775
999 _c71775
_d71775